Semigroups /
Guardado en:
| Autor Principal: | |
|---|---|
| Formato: | Libro |
| Idioma: | English Russian |
| Publicado: |
Providence :
American Mathematical Society,
1963 [i.e. 1968]
|
| Edición: | Rev. ed.]. |
| Series: | Translations of mathematical monographs ;
v. 3 |
| Materias: | |
| Etiquetas: |
Agregar Etiqueta
Sin Etiquetas, Sea el primero en etiquetar este registro!
|
| LEADER | 00823cam a22002531a 4500 | ||
|---|---|---|---|
| 001 | MAT.inmabb005729 | ||
| 008 | 700716s1968####riu######b####000#0#eng## | ||
| 005 | 20130304095101.0 | ||
| 245 | 1 | 0 | |a Semigroups / |c by E. S. Ljapin. [Translated from the Russian by A. A. Brown and others. |
| 250 | |a Rev. ed.]. | ||
| 260 | |a Providence : |b American Mathematical Society, |c 1963 [i.e. 1968] | ||
| 300 | |a x, 487 p. ; |c 24 cm. | ||
| 440 | 0 | |a Translations of mathematical monographs ; |v v. 3 | |
| 500 | |a Traducción de: Polugruppy. | ||
| 504 | |a Bibliografía: p. 453-483. | ||
| 510 | 4 | |a MR, |c 41 #3636 | |
| 100 | 1 | |a Liapin, E. S. | |
| 240 | 1 | 0 | |a Polugruppy. |l Inglés |
| 650 | 0 | |a Semigroups. | |
| 084 | |a 20Mxx |2 msc2000 | ||
| 010 | |a 68003230 | ||
| 040 | |a DLC |c DLC |d DLC | ||
| 041 | 1 | |a eng |h rus | |
| 859 | |h 20 |i L693 |p A-2577 |b BIB. MATEMATICA | ||
